书目信息 |
| 题名: |
人大读书笔记:百年抉择
|
|
| 作者: | 王万宾 著 | |
| 分册: | ||
| 出版信息: | 北京 中国民主法制出版社 2017.06 |
|
| 页数: | 664页 | |
| 开本: | 24cm | |
| 丛书名: | ||
| 单 册: | ||
| 中图分类: | G7952 , G792 | |
| 科图分类: | ||
| 主题词: | 读书笔记--中国--现代 | |
| 电子资源: | ||
| ISBN: | 978-7-5162-1542-5 | |
| 000 | 01044nam0 2200241 450 | |
| 001 | 362 | |
| 005 | 20180922090414.80 | |
| 010 | @a978-7-5162-1542-5@dCNY86.00 | |
| 100 | @a20170905d2017 em y0chiy50 ea | |
| 101 | 0 | @achi |
| 102 | @aCN@b110000 | |
| 105 | @ay az 000yy | |
| 200 | 1 | @a人大读书笔记:百年抉择@9ren da dou shu bi ji: bai nian jue ze@f王万宾著 |
| 210 | @a北京@c中国民主法制出版社@d2017.06 | |
| 215 | @a664页@d24cm | |
| 320 | @a有书目(第636-662页) | |
| 330 | @a本书是王万宾同志在全国工作期间读的关于人民代表大会制度方面的书所形成的笔记。作者将十多年来的读书收获加以整理,对人民代表大会制度追根寻源,向我们展示了一百多年来中国人民如何对国家制度进行抉择。作者试图以1840年战争以来中国人民救亡图存的历史进程为背景,以中国人民对国体、政体的历史性选择为主线,以中国党领导中国人民创建人民代表大会制度的光辉历程和成就为重点,对相关问题进行深入寻思和梳理。 | |
| 606 | 0 | @a读书笔记@y中国@z现代 |
| 690 | @aG7952@v5 | |
| 690 | @aG792@v4 | |
| 701 | 0 | @a王万宾@9wang wan bin@4著 |
| 801 | 0 | @aCN@b91MARC@c20170905 |
| 905 | @aMuseLib@dG792@e882 | |
| 人大读书笔记:百年抉择/王万宾著.-北京:中国民主法制出版社,2017.06 |
| 664页;24cm |
| ISBN 978-7-5162-1542-5:CNY86.00 |
| 本书是王万宾同志在全国工作期间读的关于人民代表大会制度方面的书所形成的笔记。作者将十多年来的读书收获加以整理,对人民代表大会制度追根寻源,向我们展示了一百多年来中国人民如何对国家制度进行抉择。作者试图以1840年战争以来中国人民救亡图存的历史进程为背景,以中国人民对国体、政体的历史性选择为主线,以中国党领导中国人民创建人民代表大会制度的光辉历程和成就为重点,对相关问题进行深入寻思和梳理。 |
| ● |
| 相关链接 |
|
|
|
|
正题名:人大读书笔记:百年抉择
索取号:G792/882
 
预约/预借
| 序号 | 登录号 | 条形码 | 馆藏地/架位号 | 状态 | 备注 |
| 1 | 1119529 | 211195295 | 第一样本阅览室/ [索取号:G792/882] | 在馆 | |
| 2 | 1119530 | 211195302 | 第四借阅区/ [索取号:G792/882] | 在馆 | |
| 3 | 1119531 | 211195311 | 第四借阅区/ [索取号:G792/882] | 在馆 | |
| 4 | 1119532 | 211195320 | 第四借阅区/ [索取号:G792/882] | 在馆 | |
| 5 | 1119533 | 211195339 | 第四借阅区/ [索取号:G792/882] | 在馆 |